| 000 | 00626nam a22001935i 4500 | ||
|---|---|---|---|
| 001 | 165644 | ||
| 003 | ES-MaACL | ||
| 005 | 20250728110717.0 | ||
| 008 | 050906s1878 fr | |||||||| ||fre d | ||
| 040 |
_aCAM _bspa _cCAM |
||
| 100 | 1 |
_aSoury, Jules. _9132857 |
|
| 245 | 1 | 0 |
_aEssais de critique religieuse / _cpar Jules Soury. |
| 260 |
_aParis : _bErnest Leroux éditeur, _c1878 ( _eAbbeville : _fTyp. et stér. Gustave Retaux) |
||
| 300 |
_aXVI, 5-375 p. ; _c18 cm. |
||
| 650 | 7 |
_aReligión _2embne _916797 |
|
| 752 |
_aFrancia - _dParís |
||
| 852 |
_aES-MaACL _jG-8655 _z-- Enc. hol. |
||
| 999 |
_c165644 _d165644 |
||